Normal view MARC view

Entry Topical Term

Number of records used in: 1

001 - CONTROL NUMBER

  • control field: 27797

003 - CONTROL NUMBER IDENTIFIER

  • control field: OSt

005 - DATE AND TIME OF LATEST TRANSACTION

  • control field: 20230711213106.0

008 - FIXED-LENGTH DATA ELEMENTS

  • fixed length control field: 230711|| aca||aabn | a|a d

040 ## - CATALOGING SOURCE

  • Original cataloging agency: OSt
  • Transcribing agency: OSt

150 ## - HEADING--TOPICAL TERM

  • Topical term or geographic name entry element: ပၢင်ႇဢူး-ပိုၼ်း

670 ## - SOURCE DATA FOUND

  • Source citation: Work cat.: (OSt): ဢေးမွင်ႇ (ႁူဝ်ပၢင်ႇလူင်) ၸၢႆး 27796, ပိုၼ်းၵႅပ်းပၢင်ႇဢူးဢမ်ႇၼၼ်ႁူဝ်ပၢင်ႇလူင် , 2018

Library - 09407999929
Admin Office - 09407999979
Dean Office - 09250910768
Registrar Office - 09892297154
Email - [email protected]
Shan State Buddhist University, Phaya Phyu Taunggyi, Shan State, Myanmar.